| 000 | 01010nam a22002777a 4500 | ||
|---|---|---|---|
| 005 | 20240726122400.0 | ||
| 008 | 081020t xxu||||| |||| 00| 0 eng d | ||
| 010 | _aENG-141006 | ||
| 020 |
_c280.00 _a9789388096232 |
||
| 035 | _aEN-124538 | ||
| 037 | _bDBAD | ||
| 040 |
_adpl _bEnglish |
||
| 082 |
_a530.02 _21 |
||
| 100 |
_aSreekanth, Tirumala _968939 |
||
| 245 |
_aApplied Physics/ _cBy Tirumala Sreekanth...[et..al] |
||
| 250 | _a1 | ||
| 260 |
_aHyderabad _bSeven Hills International Publishers _c2019 |
||
| 270 |
_a326/C, Level-7,Near BK Gud Park, SR Nagar _bHyderabad _e500038 _k+91 40 23710657 _k+91 40 238000657 _l+91 40 23810657 |
||
| 300 |
_axvi,344p. _c24cm(pbk) |
||
| 500 | _aAs Per New JNTU Hyderabad Syllabus R18 (Common To ECE, EEE,CSE & IT Branches For B.tech First Year) | ||
| 700 |
_aChari, V. Dhanunjana _968946 |
||
| 700 |
_aAshok, K. _968947 |
||
| 700 |
_aPavani, P. Gayathri _968948 |
||
| 700 |
_aRao, G. Narsinga _968949 |
||
| 942 |
_2ddc _cEN _h530.02 _mSRE _e1 |
||
| 999 |
_c204499 _d204499 |
||